LEADER 01559nam0 2200421 450 001 000043490 005 20171113092940.0 010 $a2-07-010678-0 100 $a20171109d1975----km-y0itaa50------ba 101 0 $afre 102 $aFR 200 1 $aNotre -Dame de Paris$a<> Travailleurs de la mer$fVictor Hugo$gtextes établis, présentés et annotés par Jacques Seebacher et Yves Gohin 210 $a[Parigi]$cGallimard$d1975 215 $aXI, 1736 p.$d18 cm 225 2 $aBibliothèque de la Pléiade 410 0$12001$aBibliothèque de la Pléiade 423 1$12001$aNotre -Dame de Paris 423 1$12001$a<> Travailleurs de la mer 700 1$aHugo,$bVictor$0444801 702 1$aSeebacher,$bJacques 702 1$aGohin,$bYves 801 0$aIT$bUniversità della Basilicata - B.I.A.$gREICAT$2unimarc 912 $a000043490 996 $aTravailleurs de la mer$938689 996 $aNotre-Dame de Paris$923957 997 $aUNIBAS BAS $aLETTERE CAT $aMDL$b30$c20171109$lBAS01$h0925 CAT $aMDL$b30$c20171109$lBAS01$h0931 CAT $aMDL$b30$c20171109$lBAS01$h0932 CAT $aMDL$b30$c20171109$lBAS01$h0934 CAT $aMDL$b30$c20171109$lBAS01$h0935 CAT $aMDL$b30$c20171109$lBAS01$h0936 CAT $aMDL$b30$c20171109$lBAS01$h0938 CAT $aMDL$b30$c20171109$lBAS01$h1059 CAT $aMDL$b30$c20171113$lBAS01$h0929 FMT Z30 -1$lBAS01$LBAS01$mBOOK$1BASA1$APolo Storico-Umanistico$2GEN$BCollezione generale$3FP/56205$656205$5L56205$820171109$f02$FPrestabile Generale LEADER 02094nam 2200601 450 001 9910814919603321 005 20230721020013.0 010 $a1-282-71003-6 010 $a9786612710032 010 $a1-4411-1475-0 035 $a(CKB)2670000000034315 035 $a(EBL)564312 035 $a(OCoLC)650310420 035 $a(SSID)ssj0000411828 035 $a(PQKBManifestationID)11306578 035 $a(PQKBTitleCode)TC0000411828 035 $a(PQKBWorkID)10356245 035 $a(PQKB)10792210 035 $a(MiAaPQ)EBC564312 035 $a(MiAaPQ)EBC5309764 035 $a(Au-PeEL)EBL5309764 035 $a(CaPaEBR)ebr11518730 035 $a(OCoLC)1027161903 035 $a(MiAaPQ)EBC3002971 035 $a(Au-PeEL)EBL3002971 035 $a(OCoLC)928191416 035 $a(EXLCZ)992670000000034315 100 $a20180315h20072007 uy 0 101 0 $aeng 135 $aur|n|---||||| 181 $ctxt 182 $cc 183 $acr 200 10$aAnglican and Evangelical? /$fRichard Turnbull 210 1$aLondon, [England] ;$aNew York, New York :$cContinuum,$d2007. 210 4$d©2007 215 $a1 online resource (191 p.) 300 $aDescription based upon print version of record. 311 $a0-8264-8164-7 320 $aIncludes bibliographical references and index. 327 $aContents; Abbreviations; Introduction; 1 Understanding Anglican identity; 2 Understanding Evangelical identity; 3 Anglican Evangelicalism; 4 Church, culture and society; Conclusion; Bibliography; Index of names and subjects 330 $aAt a time when Anglicans and Evangelicals seem to be increasingly polarized rather than part of the same tradition, an Evangelical Anglican takes a fre 606 $aEvangelicalism$xChurch of England 615 0$aEvangelicalism$xChurch of England. 676 $a283.42 700 $aTurnbull$b R. D$g(Richard D.),$01683606 801 0$bMiAaPQ 801 1$bMiAaPQ 801 2$bMiAaPQ 906 $aBOOK 912 $a9910814919603321 996 $aAnglican and Evangelical$94054485 997 $aUNINA